| 000 | 00713nam a22002177a 4500 | ||
|---|---|---|---|
| 005 | 20170124110015.0 | ||
| 010 | _a770163 | ||
| 020 | _c00.00 | ||
| 035 | _a770163 | ||
| 037 | _bCen Lib/Ret | ||
| 040 |
_aDPL _bEN |
||
| 082 |
_a301.422 _bRAO |
||
| 100 |
_aRao, R. Raghunatha _918489 |
||
| 245 |
_aThe Aryan marriage , with special reference to the age question : _cby R. Raghunatha Rao _ba critical and historical study / |
||
| 260 |
_aDelhi _bCosom Publications _c1975 |
||
| 270 |
_a24-b, Ansari Road, Daryaganj _bNew Delhi _e110006 |
||
| 300 |
_axv,280p. _c21cm(Hb) |
||
| 650 |
_aMarriage _9101903 |
||
| 650 |
_aHindu marriage customs and rites _917389 |
||
| 942 |
_2ddc _cEN _h301.422 _mRAO |
||
| 999 |
_c126790 _d126790 |
||